000 01035cam a2200253 4500
001 ABS61475
008 000000n1999 000 0 eng u
035 _a(Sirsi) u102614
100 _aCottam, G
245 _aAre you covered by the new act?
260 _c1999
490 _aConstruction News
_v(6639) 28 October 1999, 22(1)
520 _aSuggests that the wording of the Housing Grants, Construction and Regeneration Act may exclude fitting out or installation work from its adjudication and payment provisions. Advises contractors who undertake work of this kind to have a contract including both these provisions before work is started.
590 _aABS
650 _aHOUSING GRANTS CONSTRUCTION AND REGENERATION ACT 1996
650 _aHOUSING GRANTS, CONSTRUCTION AND REGENERATION ACT 1996
650 _aPAYMENT PROVISIONS
650 _aADJUDICATION PROVISIONS
650 _aFITTING OUT
650 _aINSTALLATION
650 _aALTERATIONS
690 _aBUILT ENVIRONMENT-BUILDING CONTRACT FORMS
942 _n0
999 _c61611
_d61611